Material forming processes / (Record no. 12650)
[ view plain ]
| 000 -LEADER | |
|---|---|
| fixed length control field | 00798cam a22002654a 4500 |
| 001 - CONTROL NUMBER | |
| control field | 12650 |
| 003 - CONTROL NUMBER IDENTIFIER | |
| rucl marc code | BD-RjUL |
| 005 - DATE AND TIME OF LATEST TRANSACTION | |
| control field | 20211208235331.0 |
| 008 - FIXED-LENGTH DATA ELEMENTS--GENERAL INFORMATION | |
| fixed length control field | 140129t20071988enka b 001 0 eng |
| 020 ## - INTERNATIONAL STANDARD BOOK NUMBER | |
| International Standard Book Number | 1903996333 |
| 035 ## - SYSTEM CONTROL NUMBER | |
| System control number | (BD-RjUL)12699 |
| 040 ## - CATALOGING SOURCE | |
| Original cataloging agency | DLC |
| Transcribing agency | DLC |
| Modifying agency | DLC |
| -- | BD-RjUL |
| Language of cataloging | eng |
| 041 ## - LANGUAGE CODE | |
| Language code of text/sound track or separate title | eng |
| 082 00 - DEWEY DECIMAL CLASSIFICATION NUMBER | |
| Classification number | 620.11 |
| Edition number | 21 |
| Author mark and year | MAT 2007 |
| 245 00 - TITLE STATEMENT | |
| Title | Material forming processes / |
| Statement of responsibility, etc. | edited by Anne Marie Habraken. |
| 250 ## - EDITION STATEMENT | |
| Edition statement | 1st South Asia ed. |
| 260 ## - PUBLICATION, DISTRIBUTION, ETC. (IMPRINT) | |
| Place of publication, distribution, etc. | London : |
| Name of publisher, distributor, etc. | Sterling, VA : Kogan Page Science, |
| Date of publication, distribution, etc. | 2007 |
| 300 ## - PHYSICAL DESCRIPTION | |
| Pagination | x, 387 p. : |
| Illustrations | ill. ; |
| Size | 24 cm. |
| 504 ## - BIBLIOGRAPHY, ETC. NOTE | |
| Bibliography, etc | Includes bibliographical references and index. |
| 650 #1 - SUBJECT ADDED ENTRY--TOPICAL TERM | |
| Topical term or geographic name as entry element | Materials. |
| 9 (RLIN) | 39384 |
| Topical term or geographic name as entry element | Materials. |
| 9 (RLIN) | 39385 |
| 700 1# - ADDED ENTRY--PERSONAL NAME | |
| Personal name | Habraken, Anne Marie, |
| Dates associated with a name | 1961- |
| 942 ## - ADDED ENTRY ELEMENTS (KOHA) | |
| Source of classification or shelving scheme | Dewey Decimal Classification |
| Koha item type | Books |
| Lost status | Source of classification or shelving scheme | Damaged status | Not for loan | Collection code | Permanent Location | Current Location | Shelving location | Date acquired | Source of acquisition | Cost, normal purchase price | Total Checkouts | Full call number | Date last seen | Copy number | Koha item type |
|---|---|---|---|---|---|---|---|---|---|---|---|---|---|---|---|
| Dewey Decimal Classification | Non-fiction | Central Library, University of Rajshahi | Central Library, University of Rajshahi | 03/10/2010 | Paragon Enterprise | 1295.00 | 620.11 MAT 2007 | 29/01/2014 | C-3 | Books | |||||
| Dewey Decimal Classification | Non-fiction | Central Library, University of Rajshahi | Central Library, University of Rajshahi | 03/10/2010 | Paragon Enterprise | 1295.00 | 620.11 MAT 2007 | 23/10/2016 | C-2 | Books | |||||
| Dewey Decimal Classification | Non-fiction | Central Library, University of Rajshahi | Central Library, University of Rajshahi | 03/10/2010 | Paragon Enterprise | 1295.00 | 620.11 MAT 2007 | 23/10/2016 | C-4 | Books | |||||
| Dewey Decimal Classification | Not For Loan | Non-fiction | Central Library, University of Rajshahi | Central Library, University of Rajshahi | Reading Room | 03/10/2010 | Dhaka, paragon Enterprises Ltd. | 1295.00 | 620.11 MAT 2007 | 18/03/2017 | C-1 | Books |